| 000 | 00707nam a2200181Ia 4500 | ||
|---|---|---|---|
| 008 | 090201s9999 xx 000 0 und d | ||
| 010 | _aKPL-73139 | ||
| 040 | _bमराठी | ||
| 041 | _aमराठी | ||
| 082 |
_a53619 _b73139 |
||
| 100 | _a/अनु. अनंत मनोहर वैभव पुरंदरे | ||
| 245 |
_aसचिन तेंडुलकर (रामबाग) _c/अनु. अनंत मनोहर वैभव पुरंदरे |
||
| 250 | _a1 | ||
| 260 |
_c2007 _bकॉन्टिनेन्टल प्रकाशन |
||
| 300 |
_a548 _bमध्यम |
||
| 600 | _aसचिन तेंडुलकर (रामबाग) | ||
| 942 | _cBOOK | ||
| 999 |
_c250041 _d250041 |
||